| 000 | 00379nam a2200157Ia 4500 | ||
|---|---|---|---|
| 003 | Ost | ||
| 005 | 20260225132547.0 | ||
| 008 | 260225s9999||||xx |||||||||||||| ||und|| | ||
| 040 | _cfsic | ||
| 041 | _afre | ||
| 082 | _a440 | ||
| 100 |
_aClaude Michel Clumy _eAuteur |
||
| 245 | 0 | _aDictionnaire des nouveaux cinémas arabes / | |
| 245 | 0 | _cClaude Michel Clumy | |
| 942 | _cكتاب | ||
| 999 |
_c33888 _d33888 |
||